Former Colonies/Occupied Territories and Their Colonists - Statistics

General Stats
  • This quiz has been taken 148 times
    99 since last reset
  • The average score is 104 of 184
Answer Stats
Continent Country Years Part of % Correct
Europe Belarus 1922-1991 Soviet Union
100%
Europe Ukraine Soviet Union
100%
Europe Lithuania 1940-1990 Soviet Union
100%
Europe Latvia 1940-1991 Soviet Union
100%
Europe Estonia Soviet Union
100%
Europe Moldova Soviet Union
100%
Europe East Germany 1945-1989 Soviet Union
100%
Oceania Australia 1803-1931 United Kingdom
98%
Oceania New Zealand 1841-1947 United Kingdom
98%
Oceania Papua New Guinea (south) 1884-1975 United Kingdom
86%
Oceania Fiji 1874-1970 United Kingdom
77%
Oceania Papua New Guinea (north) 1884-1919 Germany
70%
Oceania Tuvalu 1892-1972 United Kingdom
66%
Oceania Kiribati 1892-1976 United Kingdom
66%
Oceania Solomon Islands 1893-1978 United Kingdom
66%
Oceania 1944-1986 United States
66%
Oceania Hawaii 1898-now United States
66%
Oceania 1915-1960 United Kingdom
64%
Oceania Tonga 1900-1970 United Kingdom
64%
North America Greenland 1814-now Denmark
61%
South America French Guyana 1643-now France
61%
South America Brazil 1500-1822 Portugal
61%
North America Alaska 1784-1867 Russia
61%
North America Mexico 1521-1821 Spain
61%
Middle America Puerto Rico 1493-1898 Spain
61%
Middle America Dominican Republic 1493-1821 Spain
61%
Middle America Haiti 1493-1697 Spain
61%
Middle America Cuba 1511-1898 Spain
61%
Middle America Jamaica 1494-1655 Spain
61%
Middle America Guatemala 1520-1821 Spain
61%
Middle America El Salvador 1526-1821 Spain
61%
Middle America Honduras 1524-1821 Spain
61%
Middle America Nicaragua 1523-1821 Spain
61%
Middle America Costa Rica 1522-1821 Spain
61%
Middle America Panama 1519-1821 Spain
61%
South America Colombia 1510-1819 Spain
61%
South America Venezuela 1522-1811 Spain
61%
South America Ecuador 1563-1820 Spain
61%
South America Peru 1542-1821 Spain
61%
South America Bolivia 1524-1825 Spain
61%
South America Paraguay 1537-1811 Spain
61%
South America Chile 1541-1818 Spain
61%
South America Uruguay 1624-1825 Spain
61%
South America Argentina 1776-1816 Spain
61%
Oceania 1906-1980 United Kingdom
61%
North America United States east coast 1607-1776 United Kingdom
61%
North America 1674-1766 United Kingdom
61%
North America Canada (Newfoundland) 1583-1867 United Kingdom
61%
Middle America Bahamas 1649-1973 United Kingdom
61%
Middle America Belize 1798-1981 United Kingdom
61%
North America 1867-now United States
61%
Middle America 1898-now United States
61%
Asia Cambodia 1863-1953 France
59%
Africa Cape Verde 1462-1975 Portugal
59%
Africa São Tomé et Príncipe 1486-1975 Portugal
59%
Asia Georgia 1922-1991 Soviet Union
59%
Asia Armenia Soviet Union
59%
Asia Azerbaijan Soviet Union
59%
Asia Uzbekistan 1924-1991 Soviet Union
59%
Asia Kyrgyzstan Soviet Union
59%
Asia Turkmenistan Soviet Union
59%
Asia Tajikistan Soviet Union
59%
Asia Kazakhstan 1936-1991 Soviet Union
59%
North America United States south (California, Arizona, New Mexico, Texas, Florida) 1513-1776 Spain
59%
South America 1667-1975 The Netherlands
59%
North America 1763-1766 United Kingdom
59%
North America 1763-1867 United Kingdom
59%
Middle America 1655-1962 United Kingdom
59%
Asia 1803-1948 United Kingdom
59%
Oceania 1947-1994 United States
59%
Oceania 1947-1986 United States
59%
North America Canada east 1600-1763 France
57%
Asia Laos 1883-1949 France
57%
Asia Vietnam 1887-1945 France
57%
South America 1670-1825 Portugal
57%
Oceania Marshall Islands 1592-1885 Spain
57%
Middle East 1854-1967 United Kingdom
57%
Middle East 1892-1971 United Kingdom
57%
Middle East Cyprus 1878-1960 United Kingdom
57%
Asia 1757-1947 United Kingdom
57%
Asia India 1765-1947 United Kingdom
57%
Asia Maldives 1887-1965 United Kingdom
57%
Asia Myanmar 1886-1948 United Kingdom
57%
Asia Brunei 1888-1948 United Kingdom
57%
North America United States mideast 1700-1763 France
55%
Middle America 1697-1804 France
55%
Africa Morocco south 1904-1956 France
55%
Africa Algeria 1830-1962 France
55%
Africa Tunisia 1881-1957 France
55%
Africa Djibouti 1883-1977 France
55%
Africa Madagascar 1896-1960 France
55%
Africa Mozambique 1505-1975 Portugal
55%
Africa Marocco north 1884-1956 Spain
55%
Oceania 1919-1968 United Kingdom
55%
South America 1796-1966 United Kingdom
55%
Middle East Bahrain 1892-1971 United Kingdom
55%
Middle East Israel 1919-1948 United Kingdom
55%
Middle East Jordan 1921-1946 United Kingdom
55%
Middle East Qatar 1916-1971 United Kingdom
55%
Asia 1786-1957 United Kingdom
55%
Asia 1899-1946 United States
55%
Africa Niger France
52%
Africa 1910-1960 France
52%
Africa Senegal 1895-1960 France
52%
Africa Burkina Faso 1895-1960 France
52%
Africa Guinea 1884-1958 France
52%
Africa Ivory Coast 1895-1960 France
52%
Africa Togo east 1916-1960 France
52%
Africa Benin 1895-1960 France
52%
Africa Angola 1575-1975 Portugal
52%
North America United States north east (New York, Connecticut, Delaware, New Jersey) 1614-1674 The Netherlands
52%
Middle East Yemen south 1850-1967 United Kingdom
52%
Middle East Iraq 1921-1932 United Kingdom
52%
Asia Pakistan 1839-1947 United Kingdom
52%
Africa 1814-1968 United Kingdom
52%
Africa 1806-1910 United Kingdom
52%
Africa 1879-1922 United Kingdom
52%
Africa Sudan & South Sudan 1882-1956 United Kingdom
52%
Africa Ghana west 1874-1957 United Kingdom
52%
Africa 1914-1960 United Kingdom
52%
Africa Botswana 1885-1966 United Kingdom
52%
Africa Zimbabwe 1890-1965 United Kingdom
52%
Africa Lesotho 1869-1966 United Kingdom
52%
Africa Eswatini 1903-1968 United Kingdom
52%
Africa 1715-1814 France
50%
Africa Egypt 1798-1882 France
50%
Africa Mauritania 1895-1960 France
50%
Africa Mali France
50%
Africa 1916-1960 France
50%
Africa Central African Republic 1885-1960 France
50%
Africa Gabon 1885-1960 France
50%
Africa Republic of Congo 1880-1960 France
50%
Africa Comoros 1841-1975 France
50%
Oceania 1885-1944 Germany
50%
Africa Eritrea 1882-1941 Italy
50%
Asia East Timor 1769-1975 Portugal
50%
Africa Guinea-Bissau 1588-1974 Portugal
50%
Asia Philippines 1565-1899 Spain
50%
Africa Equatorial Guinea 1778-1968 Spain
50%
South America Guyana 1581-1796 The Netherlands
50%
Asia Indonesia 1602-1949 The Netherlands
50%
South America Suriname 1650-1667 United Kingdom
50%
Africa Gambia 1821-1965 United Kingdom
50%
Africa Sierra Leone 1801-1961 United Kingdom
50%
Africa Togo west 1914-1960 United Kingdom
50%
Africa 1919-1960 United Kingdom
50%
Africa Somalia (north west) 1882-1960 United Kingdom
50%
Africa Kenya 1895-1963 United Kingdom
50%
Africa Zambia 1899-1963 United Kingdom
50%
Africa Malawi 1889-1964 United Kingdom
50%
Africa 1810-1976 United Kingdom
50%
Africa Democratic Republic of the Congo 1882-1960 Belgium
48%
Africa Seychelles 1756-1810 France
48%
Oceania 1899-1947 Germany
48%
Oceania Samoa 1899-1915 Germany
48%
Africa Namibia 1884-1915 Germany
48%
Africa Somalia (east) 1889-1941 Italy
48%
Africa South Africa 1652-1806 The Netherlands
48%
Africa Chad 1882-1910 United Kingdom
48%
Africa Uganda 1894-1962 United Kingdom
48%
Oceania Vanuatu 1906-1980 France
45%
Oceania 1899-1947 Germany
45%
Oceania Nauru 1888-1919 Germany
45%
Africa Ghana east 1884-1914 Germany
45%
Africa Togo 1884-1914 Germany
45%
Africa Rwanda & Burundi 1885-1919 Germany
45%
Asia Sri Lanka 1517-1638 Portugal
45%
Asia Malaysia & Singapore 1511-1641 Portugal
45%
Oceania Palau 1885-1899 Spain
45%
Oceania Federated States of Micronesia 1887-1899 Spain
45%
Africa 1919-1962 United Kingdom
45%
Africa Liberia 1822-1847 United States
45%
Middle East Lebanon 1920-1945 France
43%
Africa Nigeria 1884-1916 Germany
43%
Africa Cameroon 1884-1916 Germany
43%
Africa Tanzania 1885-1919 Germany
43%
Middle East Syria 1923-1946 France
41%
Asia Bangladesh 1528-1757 Portugal
41%
Asia 1641-1786 The Netherlands
41%
Asia 1638-1803 The Netherlands
39%
Africa Mauritius 1598-1710 The Netherlands
39%
Africa 1919-1962 Belgium
36%
Middle East Oman 1507-1656 Portugal
32%
Middle East United Arab Emirates 1582-1892 Portugal
32%
No matching quizzes found
Score Distribution
Percent of People with Each Score
Percentile by Number Answered
Your Score History
You have not taken this quiz since the last reset